Szöveggyűjtemény. Szerkeszti: K. Jakab Antal. Németh László

Elmentve itt :
Bibliográfiai részletek
Szerző: JAKAB K. Antal
Adatforrás:Meister
Forrásdokumentuma:Helikon. -
10 sz., 1993, 11 p.
Nyelv:magyar
Kulcsszavak:irodalomtörténet
NÉMETH László
LEADER 00391nab a2200133 i 4500
001 bibPRO00007960
008 060524s1993 xx hun
040 |a Sz1 
041 |a hun 
100 1 |a JAKAB K. Antal 
245 1 0 |a Szöveggyűjtemény. Szerkeszti: K. Jakab Antal. Németh László  |c JAKAB K. Antal 
695 |a irodalomtörténet 
695 |a NÉMETH László 
773 0 |t Helikon. -  |g 10 sz., 1993, 11 p.